000 00675nam a2200217Ia 4500
003 OSt
005 20220925185837.0
006 a|||||r|||| 00| 0
007 ta
008 220923b |||||||| |||| 00| 0 eng d
037 _cGeneral Book
040 _aRTL
_cRTL
_beng
041 _2eng
_aeng
082 _anlN48.8, K3
110 _aCOMMONWEALTH BUREAU OF CENSUS AND STATISTICS
_9236054
245 0 _aOfficial year book of the commonwealth of Australia.
260 _aAustralia
_bCanberra Commonwealth Govt.
_c1963
700 _aCOMMONWEALTH BUREAU OF CENSUS AND STATISTICS
_9236055
942 _hnlN48.8, K3
_cGB
_2CC
999 _c512418
_d512418